000 01642nam a2200505 i 4500
001 20784
003 KOSZ 005
005 20200528141538.0
008 991116s1982 pl a |000 0 pol
015 _aUWD 1982/5652
020 _a8321330835
035 _a991012094259705066
035 _a(PL-WaBN)b13277856-48omnis_nlop
035 _ab13277856
035 _a(OCoLC)751519945
035 _a(PL)b0000001327785
035 _a(EXLNZ-48OMNIS_NETWORK)9910092881205606
040 _aWA N
_cWA N
_dKOSZ 005/HR
041 0 _apol
046 _k1982
080 _a624.014.2
080 _a669.1
100 1 _aAugustyn, Jan
_d(1921-2000)
_eAutor
245 1 0 _aRacjonalne stosowanie stali /
_cJan Augustyn, Jan Łaguna.
260 _aWarszawa :
_b"Arkady",
_c1982.
300 _a127, [1] s. :
_bil. tab. wykr. ;
_c24 cm.
336 _aTekst
_btxt
_2rdacontent
337 _aBez urządzenia pośredniczącego
_bn
_2rdamedia
338 _aWolumin
_bnc
_2rdacarrier
380 _aKsiążki
380 _aPublikacje fachowe
388 _a1901-2000
388 _a1945-1989
490 1 _aEkonomiczne Konstrukcje Stalowe : projektowanie i realizacja
504 _aBibliogr. s. 126-[128].
650 7 _aKonstrukcje stalowe
_2DBN
650 7 _aProjektowanie
658 _aArchitektura i budownictwo
700 1 _aŁaguna, Jan
_eAutor
710 2 _aWydawnictwo Arkady
_4pbl
830 0 _aEkonomiczne Konstrukcje Stalowe
856 _uhttp://koha.tu.koszalin.pl/cgi-bin/koha/opac-detail.pl?biblionumber=20784
_zKatalog onlline BPK
942 _2UKD
_cKS
999 _c20784
_d20784